00820nam a22001817a 4500008004000000020001800040082002300058100003200081245017900113260003700292300003200329500001900361650006500380710004800445942001200493999001700505952011600522100131s2008 ne|||||r|||| 001 0 eng d a9780750684491 222a621.31924bKIT 910744aKitcher, Christopher aPracical Guide to Inspection, Testing and Certification of Electrical Installations:bConforms to IEE Regulations/BS 7671/Part P of Building Regulations/cChristopher Kitcher aAmsterdam:bElsevier, 2008c2008 a210 p.:bCol. ill.;c25 cm. aIncludes index 910742aElectric wiring, Interiorv--Handbooks, manuals, etc. 910743aInstitution of Electrical Engineers  2ddccBB c13228d13228 00102ddc40708 aMAINbMAINc1STd2010-01-31epurchasel0o621.31924 KITp000019498r2025-07-15 00:00:00yBB